Toddler tantrums

Bibliographic Details
Main Author: Hames, Penney
Format: Book
Published: London : Thorsons , 2002
Subjects:

MARC

LEADER 00000cam a2200000 7i4500
001 0000016321
005 20080424.0
008 080424
020 |a 0007136099 
090 0 0 |a 649.122   |b HAM 
100 1 |a Hames, Penney 
245 1 0 |a Toddler tantrums   |c Penny Hames 
260 |a London :   |b Thorsons ,   |c 2002 
650 0 |a Infants   |x Baby care 
650 0 |a Tantrum 
999 |a 0001015220   |b Book   |c Adult Collection   |e Perbadanan Perpustakaan Awam Johor 
999 |a 0001015221   |b Book   |c Adult Collection   |e Perbadanan Perpustakaan Awam Johor 
999 |a 0001015222   |b Book   |c Adult Collection   |e Perbadanan Perpustakaan Awam Johor